The United States : experiment in democracy /

Bewaard in:
Bibliografische gegevens
Hoofdauteur: Craven, Avery Odelle
Andere auteurs: Johnson, Walter, 1915-
Formaat: Boek
Taal:English
Gepubliceerd in: Boston : Ginn, 1962.
Editie:2nd ed.
Onderwerpen:
LEADER 00791nam a22002171 4500
001 c000203934
003 CARM
005 20021125002000.0
008 851113s1962 mau 0 eng d
019 1 |a 4138855  |z 28478971  |5 LACONCORD2021 
035 |a (OCoLC)423781  |5 LACONCORD2021 
100 1 |a Craven, Avery Odelle. 
245 1 4 |a The United States :  |b experiment in democracy /  |c by A.Craven and W.Johnson. 
250 |a 2nd ed. 
260 |a Boston :  |b Ginn,  |c 1962. 
651 0 |a United States  |x History. 
700 1 |a Johnson, Walter,  |d 1915- 
852 8 |b CARM  |h A2:AK36G0  |i C08089  |p 0286957  |f BK 
082 0 4 |a 973 
999 f f |i 2eaf570a-5441-5817-9799-1bb2f9e5c9dc  |s 3344ff53-e63f-527c-bf96-1717911200ab 
952 f f |p Can circulate  |a CAVAL  |b CAVAL  |c CAVAL  |d CARM 1 Store  |e C08089  |f A2:AK36G0  |h Other scheme  |i book  |m 0286957